TV Shows Missing 'I' Words Quiz Stats

 Plays Quiz Updated Jun 22, 2019

Score 0/18 Timer 03:00
2 Plays Today
Hint Answer % Correct
Idol
97.8%
Impossible
97.7%
Incredible
96.7%
Island
95.2%
Interest
92.8%
Iron
91.9%
Improvement
91.8%
Ice
89.6%
Investigation
88.3%
Hint Answer % Correct
It's
83.5%
Intent
77.5%
Isles
65.3%
Idiot
63.2%
Invisible
61.9%
Inside
50.3%
Inspector
46.2%
Indoors
35.9%
Imaginary
9.5%

You're not logged in!

Compare scores with friends on all Sporcle quizzes.
OR
Log In

Sporcle TV

Today on Sporcle TV


Watch our educational content, quiz creation guides, and fun videos on Sporcle TV.

Show Comments

Extras

Top Quizzes Today


Score Distribution

Your Account Isn't Verified!

In order to create a playlist on Sporcle, you need to verify the email address you used during registration. Go to your Sporcle Settings to finish the process.

Report this User

Report this user for behavior that violates our Community Guidelines.

Details: